Tous les Pokémon de type Sol - Statistiques

Statistiques générales
  • Ce quiz a été pris 15 fois
  • Le résultat moyen est 69 sur 91
Statistiques - réponses
Génération Pokémon Autre Type % Correct
Troisième Camérupt Feu
100%
Première Gravalanch Roche
100%
Première Grolem Roche
100%
Première Onix Roche
100%
Première Taupiqueur
100%
Première Triopikeur
100%
Quatrième Carchacrok Dragon
91%
Quatrième Carmache Dragon
91%
Troisième Chamallot Feu
91%
Cinquième Crocorible Ténèbres
91%
Cinquième Escroco Ténèbres
91%
Quatrième Griknot Dragon
91%
Troisième Groudon
91%
Quatrième Hippodocus
91%
Quatrième Hippopotas
91%
Troisième Libégon Dragon
91%
Quatrième Mammochon Glace
91%
Deuxième Marcacrin Glace
91%
Cinquième Mascaïman Ténèbres
91%
Première Racaillou Roche
91%
Deuxième Scorplane Vol
91%
Quatrième Scorvol Vol
91%
Deuxième Steelix Acier
91%
Troisième Vibraninf Dragon
91%
Deuxième Axoloto Eau
82%
Deuxième Cochignon Glace
82%
Deuxième Donphan
82%
Deuxième Embrylex Roche
82%
Troisième Flobio Eau
82%
Troisième Kraknoix
82%
Troisième Laggron Eau
82%
Cinquième Limonde Electrik
82%
Deuxième Maraisté Eau
82%
Cinquième Minotaupe Acier
82%
Première Nidoking Poison
82%
Première Nidoqueen Poison
82%
Troisième Ningale Insect
82%
Deuxième Phanpy
82%
Quatrième Rhinastoc Roche
82%
Première Rhinocorne Roche
82%
Première Rhinoféros Roche
82%
Cinquième Rototaupe
82%
Première Sabelette
82%
Première Sablaireau
82%
Neuvième Terraisté Poison
82%
Deuxième Ymphect Roche
82%
Neuvième Axoloto de Paldea Poison
73%
Septième Bacabouh Spectre
73%
Troisième Balbuto Psy
73%
Neuvième Fort-Ivoire Combat
73%
Cinquième Golemastoc Spectre
73%
Cinquième Gringolem Spectre
73%
Troisième Kaorine Psy
73%
Troisième Méga-Camérupt Feu
73%
Quatrième Méga-Carchacrok Dragon
73%
Troisième Méga-Laggron Eau
73%
Deuxième Méga-Steelix Acier
73%
Septième Trépassable Spectre
73%
Quatrième Tritosor Eau
73%
Troisième Barbicha Eau
64%
Troisième Barloche Eau
64%
Cinquième Batracné Eau
64%
Septième Bourrinos
64%
Cinquième Crapustule Eau
64%
Cinquième Démétéros Vol
64%
Sixième Excavarenne Normal
64%
Huitième Limonde de Galar Acier
64%
Première Ossatueur
64%
Première Osselait
64%
Troisième Primo-Groudon Feu
64%
Neuvième Roue-de-Fer Acier
64%
Septième Taupiqueur d'Alola Acier
64%
Neuvième Terracool Plante
64%
Neuvième Terracruel Plante
64%
Septième Tiboudet
64%
Quatrième Torterra Plante
64%
Septième Triopikeur d'Alola Acier
64%
Huitième Tutafeh de Galar Spectre
64%
Septième Zygarde 10% Dragon
64%
Septième Zygarde 100% Dragon
64%
Sixième Zygarde 50% Dragon
64%
Quatrième Arceus Sol
55%
Neuvième Dinglu Ténèbres
55%
Huitième Dunaconda
55%
Huitième Dunaja
55%
Neuvième Pelage-Sablé Electrik
55%
Septième Silvallié Sol
55%
Huitième Tutétékri Spectre
55%
Quatrième Cheniselle cape Sable Insect
45%
Huitième Ursaking Normal
45%
Neuvième Ursaking Lune Vermeille Normal
36%
Aucun quiz correspondant
Distribution des résultats
% des personnes avec chaque résultat
Percentile par nombre de réponses
Votre historique - résultats
Vous n’avez pas pris ce quiz